El modelo de revaluación de los bienes de uso en las normas contables (Registro nro. 10345)
[ vista simple ]
| 000 -LEADER | |
|---|---|
| fixed length control field | 00401 a2200121 4500 |
| 001 - CONTROL NUMBER | |
| control field | ART_51290 |
| 005 - DATE AND TIME OF LATEST TRANSACTION | |
| control field | 20260410161608.0 |
| 008 - FIXED-LENGTH DATA ELEMENTS--GENERAL INFORMATION | |
| fixed length control field | 260409a |
| 100 1# - MAIN ENTRY--PERSONAL NAME | |
| Personal name | Faccendini, Yanina C. |
| 245 10 - TITLE STATEMENT | |
| Title | El modelo de revaluación de los bienes de uso en las normas contables |
| 700 1# - ADDED ENTRY--PERSONAL NAME | |
| Personal name | Oubiña, Gabriel H. |
| 773 0# - HOST ITEM ENTRY | |
| Title | Profesional & Empresaria |
| Related parts | - Año XXI, Nº 249 (jun. 2020) |
| Record control number | REV70 |
No hay ítems disponibles.